000 00527nam a22001577a 4500
005 20251108164207.0
008 250721s1978 xx 000 0 ara d
082 1 4 _a413.09/ندو
111 2 _aندوة المعجمية العربية المعاصرة (1986: تونس)
245 1 0 _aفي المعجمية العربية المعاصرة /
264 1 _aبيروت :
_bدار الغرب الاسلامي،
_c1978.
650 1 7 _aعلم المعاجم
650 1 7 _aالنقد الأدبي
942 _2ddc
_cBK
999 _c6032
_d6032